000 00352nam a2200157 4500
001 45684
090 _a45684
100 _a20260218 pory50
101 _apor
102 _aPT
200 _aSintra
_dVillas & Golfe
_fVillas & Golfe
210 _cPM Media - Comunicação
215 _av.
675 _a908(469)(05)
801 _aPT
_gRPC
990 _cPERIODICOS